000 00417nam a2200145 a 4500
001 000034259
005 20200930070919.0
008 110929s20uu pr 000 0 spa d
040 _aDO-SdBNP
_bspa
_cBNPHU
100 1 _aLama C., Carlos E.
_959676
245 1 0 _aManual práctico de la cocina peruana /
_cCarlos E. Lama C.
260 _a[Perú] :
_b[s.n.].,
_c200?].
300 _a87 p. :
_bil. ;
_c23 cm.
049 _aBNPD
999 _c33750
_d33750